000 02742nam a22004697a 4500
001 18353240
003 OSt
005 20241030112738.0
008 141028t20152015paua b 001 0 eng
010 _a 2014042526
020 _a9781455753994 (pbk. : alk. paper)
020 _a1455753998 (pbk. : alk. paper)
035 _a(DNLM)101644555
040 _aDNLM/DLC
_beng
_cDLC
_erda
_dDLC
041 _aeng
042 _apcc
050 1 0 _aRC58
_b.O245 2015
060 1 0 _aWB 18.2
080 _a61
_bC-74
082 0 0 _a616.0076
_223
100 1 _aO'Connell, Theodore X.,
_eauthor.
245 1 0 _aUSMLE step 3 /
_cTheodore X. O'Connell, MD, Program Director, Family Medicine Residency Program, Kaiser Permanente Napa-Solano, Napa, California, Assistant Clinical Professor, Department of Community and Family Medicine, University of California, San Francisco, School of Medicine, San Francisco, California, Department of Family Medicine, David Geffen School of Medicine at UCLA, Los Angeles, California, Thomas E. Blair, MD, Resident Physician Emergency Medicine, Harbor-UCLA Medical Center, Los Angeles, California, Ryan A. Pedigo, MD, Chief Resident Physician Emergency Medicine, Harbor-UCLA Medical Center, Los Angeles, California.
_b/ by: Elsevier/Saunders
246 3 0 _aUSMLE step 3 secrets
260 _aPhiladelphia, PA
_bElsevier/Saunders
_c2015
300 _avii, 386 pages
_billustrations
_c22 cm.
336 _atext
_2rdacontent
337 _aunmediated
_2rdamedia
338 _avolume
_2rdacarrier
490 1 _aSecrets
504 _aIncludes bibliographical references and index.
505 0 _aGeneral principles -- Disorders of the nervous system and special senses -- Disorders of the respiratory system -- Cardiovascular disorders -- Nutritional and digestive system disorders -- Behavioral and emotional disorders -- Disorders of the musculoskeletal system -- Disorders of the skin and subcutaneous tissue -- Disorders of the endocrine system -- Renal and urinary disorders -- Diseases and disorders of the female reproductive system -- Pregnancy, labor and delivery, the fetus, and the newborn -- Disorders of blood -- Disorders of the male reproductive system -- Disorders of the immune system -- Clinical case scenarios.
650 1 2 _aClinical Medicine
_vExamination Questions.
650 1 0 _aMedicine
_969
653 _aმედიცინა
653 _aკლინიკური მედიცინა
700 1 _aBlair, Thomas E.
_q(Edward),
_d1984-,
_eauthor.
700 1 _aPedigo, Ryan A.,
_eauthor.
830 0 _aSecrets series.
906 _a7
_bcbc
_corignew
_d1
_eecip
_f20
_gy-gencatlg
942 _2udc
_cBK
999 _c1848
_d1848